| 000 | 00674nam a2200217 a 4500 | ||
|---|---|---|---|
| 001 | 56690 | ||
| 003 | BD-RjUL | ||
| 005 | 20211209080425.0 | ||
| 008 | 161203s1948 enk b 001 0 eng u | ||
| 035 | _a(BD-RjUL)56814 | ||
| 040 |
_aCWR _dm.c _dOCL _dBD-RjUL _beng _cBD-RjUL |
||
| 041 | _aeng | ||
| 082 |
_223 _a821.7 _bBAS 1948 |
||
| 100 | 1 |
_aBaker, Carlos, _d1909-1987. _9168603 |
|
| 245 | 1 | 0 |
_aShelley's major poetry : _bthe fabric of a vision / _cby Carlos Baker. |
| 260 |
_aLondon : _bOxford University Press, _c1948. |
||
| 300 |
_a307 p. ; _c24 cm. |
||
| 504 | _aIncludes index and bibliography. | ||
| 600 | 1 | 0 |
_aShelley, Percy Bysshe, _d1792-1822. _9169249 |
| 942 |
_2ddc _cBK |
||
| 999 |
_c56690 _d56690 |
||